[Event "Rottach Egern Seniors Cup 10th"]
[Site "Rottach Egern"]
[Date "2022.03.28"]
[Round "3"]
[White "Wraga, Hermann"]
[Black "Kopischke, Maik"]
[Result "0-1"]
[WhiteElo "1641"]
[BlackElo "1800"]
[PlyCount "109"]
[EventDate "2022.03.26"]
[EventType "swiss"]
[EventRounds "9"]
[EventCountry "GER"]
[SourceTitle "CBM 207 Extra"]
[Source "ChessBase"]
[SourceDate "2022.05.31"]
[SourceVersion "1"]
[SourceVersionDate "2022.05.31"]
[SourceQuality "1"]

1. e4 e6 2. d3 d5 3. Nd2 Nf6 4. Ngf3 Nc6 5. g3 dxe4 6. dxe4 e5 7. Bg2 Bc5 8. 0-0 0-0 9. c3 a5 10. a4 b6 11. Qe2 Ba6 12. c4 Qe7 13. Nb3 Bb4 14. Bd2 Rfd8 15. Rfd1 Qe6 16. Bf1 h6 17. Ne1 Bxd2 18. Nxd2 Nd4 19. Qe3 Rd7 20. Qc3 Rad8 21. f3 c5 22. Kg2 Bc8 23. Kf2 Rd6 24. Ke3 Qe8 25. b3 Be6 26. Rab1 Qd7 27. Kf2 Nxb3 28. Rxb3 Rxd2+ 29. Rxd2 Qxd2+ 30. Qxd2 Rxd2+ 31. Kg1 Rd1 32. Re3 Ra1 33. g4 Rxa4 34. Rc3 Ra1 35. Nd3 Nd7 36. Kf2 Ra2+ 37. Kg3 Ra1 38. Be2 Rg1+ 39. Kf2 Rb1 40. Bf1 f6 41. Be2 Nb8 42. Ne1 Nc6 43. Bd3 Rb2+ 44. Kg3 Nd4 45. Ng2 Rb3 46. Rxb3 Nxb3 47. Ne3 Nd2 48. Nd5 a4 49. Nc3 a3 50. Kf2 Bxc4 51. Bxc4+ Nxc4 52. Ke2 b5 53. Kd1 b4 54. Na2 b3 55. Nc1 0-1

[Event "Rottach Egern Seniors Cup 10th"]
[Site "Rottach Egern"]
[Date "2022.03.26"]
[Round "1"]
[White "Wraga, Hermann"]
[Black "Walther, Reinhard"]
[Result "1/2-1/2"]
[WhiteElo "1641"]
[BlackElo "1945"]
[PlyCount "55"]
[EventDate "2022.03.26"]
[EventType "swiss"]
[EventRounds "9"]
[EventCountry "GER"]
[SourceTitle "CBM 207 Extra"]
[Source "ChessBase"]
[SourceDate "2022.05.31"]
[SourceVersion "1"]
[SourceVersionDate "2022.05.31"]
[SourceQuality "1"]

1. e4 e5 2. Bc4 Nf6 3. d3 Nc6 4. a3 Bc5 5. Nf3 d6 6. h3 a6 7. Ng5 0-0 8. c3 h6 9. Nf3 d5 10. exd5 Nxd5 11. Nbd2 Nf4 12. Ne4 Ba7 13. Bxf4 exf4 14. 0-0 Be6 15. Qc2 Re8 16. Rfe1 Qd7 17. Bxe6 fxe6 18. d4 Qf7 19. Ned2 Rad8 20. Re2 Qf5 21. Qxf5 exf5 22. Rxe8+ Rxe8 23. Re1 Rxe1+ 24. Nxe1 Ne7 25. Nb3 Kf7 26. Nd3 b6 27. Nxf4 g5 28. Nd3 1/2-1/2

[Event "Reinstorf op"]
[Site "Reinstorf"]
[Date "2022.02.03"]
[Round "6"]
[White "Nguyen, Bach Khoi"]
[Black "Wraga, Hermann"]
[Result "1/2-1/2"]
[WhiteElo "1086"]
[BlackElo "1674"]
[PlyCount "100"]
[EventDate "2022.01.29"]
[EventType "swiss"]
[EventRounds "9"]
[EventCountry "GER"]
[SourceTitle "CBM 206 Extra"]
[Source "ChessBase"]
[SourceDate "2022.03.31"]
[SourceVersion "1"]
[SourceVersionDate "2022.03.31"]
[SourceQuality "1"]

1. e4 d6 2. d4 g6 3. Nc3 Bg7 4. Nf3 c6 5. h3 Nf6 6. Bd3 0-0 7. 0-0 b5 8. Be3 a6 9. Re1 Nbd7 10. Qd2 Qc7 11. Bh6 e5 12. Bxg7 Kxg7 13. dxe5 dxe5 14. Nh2 Bb7 15. Ng4 Rad8 16. Qh6+ Kh8 17. g3 Ng8 18. Qh4 f6 19. Ne3 Qd6 20. g4 Qe7 21. Qg3 Rf7 22. Kg2 Kg7 23. Rh1 Kf8 24. Raf1 Nc5 25. Rd1 Ne6 26. Ne2 Nc7 27. Rhf1 Bc8 28. f4 c5 29. b3 Bb7 30. Rf2 Rd7 31. Kh2 Qe8 32. c4 b4 33. Nd5 Na8 34. Bc2 Kg7 35. Rdf1 a5 36. g5 fxg5 37. fxe5 Rxf2+ 38. Rxf2 Rf7 39. Nf6 Nxf6 40. exf6+ Rxf6 41. Rxf6 Kxf6 42. Qd6+ Kg7 43. Qxc5 Qd8 44. Qd4+ Qxd4 45. Nxd4 Kf6 46. Nf3 h6 47. Kg3 Nc7 48. Kf2 Ne6 49. Ke3 Bc8 50. Bd3 Nf4 1/2-1/2

[Event "Rottach Egern Seniors Cup 9th"]
[Site "Rottach Egern"]
[Date "2021.10.22"]
[Round "1"]
[White "Wraga, Hermann"]
[Black "Beulertz, Stefan"]
[Result "0-1"]
[WhiteElo "1643"]
[BlackElo "1956"]
[PlyCount "68"]
[EventDate "2021.10.22"]
[EventType "swiss"]
[EventRounds "7"]
[EventCountry "GER"]
[SourceTitle "CBM 204 Extra"]
[Source "ChessBase"]
[SourceDate "2021.11.30"]
[SourceVersion "1"]
[SourceVersionDate "2021.11.30"]
[SourceQuality "1"]

1. e4 e6 2. d3 d5 3. Nd2 c5 4. g3 g6 5. Bg2 Bg7 6. Ngf3 Ne7 7. 0-0 Nbc6 8. c3 b6 9. Qc2 a5 10. a4 Ba6 11. Re1 dxe4 12. dxe4 Qc7 13. Bf1 Bxf1 14. Nxf1 h6 15. Be3 g5 16. Rad1 Ng6 17. h3 Nge5 18. N3h2 c4 19. Bd4 0-0 20. Ne3 Rac8 21. Re2 Rfd8 22. Red2 Nxd4 23. Rxd4 Rxd4 24. Rxd4 Qb7 25. f3 b5 26. axb5 Qxb5 27. Rd1 Bf8 28. Kg2 Rb8 29. Rb1 a4 30. Nhf1 a3 31. Nd2 a2 32. Re1 Qxb2 33. Qa4 Rd8 34. Qc2 a1Q 0-1

[Event "RLP Seniors op 17th"]
[Site "Neustadt an der Weinstrasse"]
[Date "2019.07.23"]
[Round "4"]
[White "Wraga, Hermann"]
[Black "Geisert, Bernd"]
[Result "1-0"]
[WhiteElo "1703"]
[BlackElo "1489"]
[PlyCount "123"]
[EventDate "2019.07.20"]
[EventType "swiss"]
[EventRounds "9"]
[EventCountry "GER"]
[SourceTitle "CBM 192 Extra"]
[Source "Chessbase"]
[SourceDate "2019.11.06"]
[SourceVersion "1"]
[SourceVersionDate "2019.11.06"]
[SourceQuality "1"]

1. e4 e5 2. Bc4 Nf6 3. d3 Bc5 4. Nf3 Nc6 5. a3 a6 6. b4 Bb6 7. Nbd2 0-0 8. 0-0 d5 9. Ba2 dxe4 10. dxe4 Bg4 11. Qe1 Bh5 12. Bb2 Re8 13. Rc1 Nd4 14. Nxd4 Bxd4 15. c3 Ba7 16. Bb1 Bg6 17. Nb3 Qe7 18. c4 c5 19. Bc3 Rac8 20. bxc5 Bxc5 21. Nxc5 Qxc5 22. Bb4 Qc6 23. f3 Red8 24. Qe2 Rd4 25. Ba2 b6 26. Rfd1 Rcd8 27. Rxd4 exd4 28. Rd1 a5 29. Be1 Qa4 30. Rd3 Ne8 31. Bf2 Nc7 32. Qd1 Qxd1+ 33. Rxd1 Ne6 34. g3 h5 35. h4 Kh7 36. Rd2 Kh6 37. Kg2 Bh7 38. Rd1 g5 39. hxg5+ Kxg5 40. Bb1 Kf6 41. e5+ Kg7 42. Bxh7 Kxh7 43. f4 Kg6 44. Kf3 Kf5 45. Rd2 Rd7 46. Rb2 d3 47. Rd2 Nd4+ 48. Bxd4 Rxd4 49. Ke3 Rd7 50. Kf3 f6 51. exf6 Kxf6 52. Ke4 Re7+ 53. Kxd3 Rd7+ 54. Ke3 Re7+ 55. Kf3 Re6 56. Rd5 Rc6 57. Rxh5 Rxc4 58. Rh6+ Ke7 59. Rxb6 Rc3+ 60. Kg4 Rxa3 61. f5 Ra1 62. Kg5 1-0

[Event "RLP Seniors op 17th"]
[Site "Neustadt an der Weinstrasse"]
[Date "2019.07.21"]
[Round "2"]
[White "Wraga, Hermann"]
[Black "Kalkmann, Hans"]
[Result "1/2-1/2"]
[WhiteElo "1703"]
[BlackElo "1858"]
[PlyCount "73"]
[EventDate "2019.07.20"]
[EventType "swiss"]
[EventRounds "9"]
[EventCountry "GER"]
[SourceTitle "CBM 192 Extra"]
[Source "Chessbase"]
[SourceDate "2019.11.06"]
[SourceVersion "1"]
[SourceVersionDate "2019.11.06"]
[SourceQuality "1"]

1. e4 e6 2. d3 b6 3. Nd2 g6 4. g3 Bg7 5. Bg2 Bb7 6. Ngf3 Ne7 7. 0-0 0-0 8. Re1 e5 9. c3 c5 10. Qc2 Nbc6 11. Nc4 Qc7 12. Ne3 Nd8 13. Bd2 Ne6 14. Rad1 Rac8 15. a4 d6 16. Qb3 Rb8 17. Qc2 Bc6 18. Ra1 Qb7 19. Reb1 h6 20. Qc1 Kh7 21. Ng4 Ng8 22. Ne3 Qd7 23. Qc2 Nc7 24. Nc4 Qe6 25. Ne3 Nf6 26. h3 d5 27. exd5 Ncxd5 28. Nxd5 Bxd5 29. Ne1 Bxg2 30. Kxg2 Rfd8 31. Be3 e4 32. dxe4 Nxe4 33. Rd1 Qc6 34. Kg1 Nd6 35. Qe2 Nf5 36. Bf4 Rxd1 37. Qxd1 1/2-1/2

[Event "Bodensee Seniors op"]
[Site "Bregenz"]
[Date "2019.05.26"]
[Round "1"]
[White "Wraga, Hermann"]
[Black "Mueller, Rudolf"]
[Result "0-1"]
[WhiteElo "1715"]
[BlackElo "2071"]
[PlyCount "62"]
[EventDate "2019.05.26"]
[EventType "swiss"]
[EventRounds "7"]
[EventCountry "AUT"]
[SourceTitle "CBM 190 Extra"]
[Source "ChessBase"]
[SourceDate "2019.07.15"]
[SourceVersion "1"]
[SourceVersionDate "2019.07.15"]
[SourceQuality "1"]

1. e4 b6 2. d3 Bb7 3. Nd2 e6 4. g3 f5 5. Bg2 Nf6 6. Ne2 fxe4 7. dxe4 Bc5 8. 0-0 0-0 9. Nf4 e5 10. Nd3 Ba6 11. c4 Bd4 12. Rb1 Bb7 13. Qe2 Qe8 14. Nb3 Nc6 15. Be3 Bxe3 16. Qxe3 Qf7 17. Rbc1 Ba6 18. Nd2 d6 19. b3 Nd4 20. f3 Bc8 21. Ne1 Qg6 22. Nc2 Ne6 23. Rf2 a5 24. a3 Ng5 25. g4 Qh6 26. Rcf1 Be6 27. Qe2 Qh4 28. Qe3 h5 29. gxh5 Nxh5 30. Ne1 Nf4 31. Kh1 Rf6 0-1

[Event "Bad Wiessee Senioren Cup 8th"]
[Site "Bad Wiessee"]
[Date "2019.05.11"]
[Round "1"]
[White "Wraga, Hermann"]
[Black "Haserodt, Jan"]
[Result "0-1"]
[WhiteElo "1715"]
[BlackElo "2001"]
[PlyCount "66"]
[EventDate "2019.05.11"]
[EventType "swiss"]
[EventRounds "9"]
[EventCountry "GER"]
[SourceTitle "EXT 2020"]
[Source "ChessBase"]
[SourceDate "2019.10.17"]
[SourceVersion "1"]
[SourceVersionDate "2019.10.17"]
[SourceQuality "1"]

1. e4 d6 2. g3 e5 3. Bg2 c6 4. d3 f5 5. f4 Nf6 6. Nc3 Be7 7. h3 0-0 8. Be3 Qe8 9. Qd2 Nh5 10. Nge2 fxe4 11. fxe5 exd3 12. Qxd3 dxe5 13. 0-0-0 Be6 14. Rdf1 Nd7 15. Qd1 Rd8 16. Qe1 Nhf6 17. a3 Nb6 18. Kb1 Nc4 19. Bc1 Qd7 20. g4 b5 21. Nd1 Nd5 22. Rxf8+ Rxf8 23. Qg3 a5 24. Qe1 Rb8 25. Ka1 b4 26. a4 b3 27. cxb3 Rxb3 28. Ndc3 Bb4 29. Ka2 Bxc3 30. Nxc3 Qb7 31. Qf2 Rxc3 32. Bxd5 Bxd5 33. bxc3 Nd2+ 0-1

[Event "Rheinland Pfalz op Seniors 16th"]
[Site "Neustadt an der Weinstrasse"]
[Date "2018.07.11"]
[Round "5"]
[White "Hauck, Bernd"]
[Black "Wraga, Hermann"]
[Result "0-1"]
[WhiteElo "1748"]
[BlackElo "1691"]
[PlyCount "110"]
[EventDate "2018.07.07"]
[EventType "swiss"]
[EventRounds "9"]
[EventCountry "GER"]
[SourceTitle "EXT 2019"]
[Source "ChessBase"]
[SourceDate "2018.10.10"]
[SourceVersion "1"]
[SourceVersionDate "2018.10.10"]
[SourceQuality "1"]

1. e4 d6 2. d4 Nf6 3. Bd3 g6 4. Ne2 Bg7 5. c3 c6 6. Nd2 Qc7 7. h3 a6 8. Ng3 Nbd7 9. 0-0 0-0 10. Kh1 e5 11. Nf3 b5 12. Bg5 h6 13. Be3 c5 14. Rc1 c4 15. Bb1 Bb7 16. d5 Rac8 17. Qd2 Kh7 18. Nh2 Qd8 19. Qe2 Ng8 20. f4 exf4 21. Bxf4 Ne5 22. Nf3 Qe7 23. Rcd1 Rce8 24. Qf2 Bc8 25. Bxe5 Bxe5 26. Nxe5 Qxe5 27. Qf4 f6 28. Qxe5 fxe5 29. Kg1 Kg7 30. Rxf8 Rxf8 31. Rf1 Rf6 32. Bc2 Rxf1+ 33. Nxf1 Nf6 34. g4 Bd7 35. Kf2 a5 36. Nd2 a4 37. b3 axb3 38. axb3 cxb3 39. Nxb3 Ne8 40. Ke3 Nc7 41. Na5 Ne8 42. Kd3 Kf6 43. Nb7 Kg5 44. c4 bxc4+ 45. Kxc4 Kh4 46. Kd3 Kxh3 47. Nd8 Kxg4 48. Nf7 h5 49. Bd1+ Kg3 50. Ke3 h4 51. Nh8 g5 52. Ng6 Bg4 53. Ba4 Nf6 54. Nxe5 dxe5 55. d6 h3 0-1

[Event "Rheinland Pfalz op Seniors 16th"]
[Site "Neustadt an der Weinstrasse"]
[Date "2018.07.10"]
[Round "4"]
[White "Wraga, Hermann"]
[Black "Teutsch, Michael"]
[Result "1/2-1/2"]
[WhiteElo "1691"]
[BlackElo "1673"]
[PlyCount "25"]
[EventDate "2018.07.07"]
[EventType "swiss"]
[EventRounds "9"]
[EventCountry "GER"]
[SourceTitle "EXT 2019"]
[Source "ChessBase"]
[SourceDate "2018.10.10"]
[SourceVersion "1"]
[SourceVersionDate "2018.10.10"]
[SourceQuality "1"]

1. e4 c6 2. d3 d5 3. Nd2 e6 4. g3 Nf6 5. Bg2 Be7 6. Ngf3 Nbd7 7. 0-0 0-0 8. Re1 dxe4 9. dxe4 e5 10. Nb3 Qc7 11. Qe2 Nc5 12. Nxc5 Bxc5 13. h3 1/2-1/2

[Event "MVP-ch Seniors op 17th"]
[Site "Binz"]
[Date "2017.12.04"]
[Round "6.73"]
[White "Staudinger, Karl"]
[Black "Wraga, Hermann"]
[Result "1/2-1/2"]
[WhiteElo "1349"]
[BlackElo "1692"]
[PlyCount "58"]
[EventDate "2017.11.29"]
[EventType "swiss"]
[EventRounds "9"]
[EventCountry "GER"]
[SourceTitle "EXT 2019"]
[Source "ChessBase"]
[SourceDate "2018.10.10"]
[SourceVersion "1"]
[SourceVersionDate "2018.10.10"]
[SourceQuality "1"]

1. c4 f5 2. Nc3 Nf6 3. d3 g6 4. g3 Bg7 5. Bg2 c6 6. Qb3 d6 7. Nf3 e6 8. 0-0 0-0 9. Rd1 Qe8 10. a4 a5 11. Be3 e5 12. Rd2 Ng4 13. Bb6 Nd7 14. Bc7 Nc5 15. Qa3 Qe7 16. Bb6 Na6 17. h3 Nf6 18. Bxa5 Nb8 19. Bb6 Nbd7 20. Be3 h6 21. Nh4 Kh7 22. Rb1 Ne8 23. Nd1 f4 24. Be4 fxe3 25. Nxg6 exf2+ 26. Nxf2 Qg5 27. Nxf8+ Kg8 28. Nxd7 Qxd2 29. Nb6 Rb8 1/2-1/2

[Event "Rheinland Pfalz op Seniors 15th"]
[Site "Neustadt an der Weinstrasse"]
[Date "2017.07.23"]
[Round "9"]
[White "Wraga, Hermann"]
[Black "Luebbers, Doris"]
[Result "1/2-1/2"]
[WhiteElo "1679"]
[BlackElo "1555"]
[PlyCount "94"]
[EventDate "2017.07.15"]
[EventType "swiss"]
[EventRounds "9"]
[EventCountry "GER"]
[SourceTitle "EXT 2018"]
[Source "ChessBase"]
[SourceDate "2017.10.13"]
[SourceVersion "1"]
[SourceVersionDate "2017.10.13"]
[SourceQuality "1"]

1. e4 e5 2. Bc4 d6 3. d3 Be7 4. h3 Nf6 5. Nf3 h6 6. 0-0 0-0 7. Nbd2 Nbd7 8. a3 Re8 9. b4 a6 10. Bb2 Nf8 11. d4 exd4 12. Nxd4 Be6 13. Nxe6 Nxe6 14. Re1 Bf8 15. Nf3 Nf4 16. e5 Nh7 17. Bb3 Ng5 18. Nxg5 Qxg5 19. Qg4 Qxg4 20. hxg4 Ne6 21. Rad1 Rad8 22. g3 dxe5 23. Rxd8 Nxd8 24. Rxe5 Rxe5 25. Bxe5 Bd6 26. Bb2 Kf8 27. Kg2 Nc6 28. f4 f6 29. Kf3 Ke7 30. Ke4 g6 31. c4 b6 32. Kd5 Nd8 33. c5 c6+ 34. Kd4 bxc5+ 35. bxc5 Bc7 36. Ke4 a5 37. Bd4 Ne6 38. Bf2 Bd8 39. Be3 Nc7 40. Bd2 Ne6 41. Be3 Kd7 42. Bf2 Be7 43. Bxe6+ Kxe6 44. a4 f5+ 45. gxf5+ gxf5+ 46. Kd4 h5 47. Be1 Bd8 1/2-1/2

[Event "Rheinland Pfalz op Seniors 15th"]
[Site "Neustadt an der Weinstrasse"]
[Date "2017.07.16"]
[Round "2"]
[White "Bellingrath, Jens"]
[Black "Wraga, Hermann"]
[Result "1-0"]
[WhiteElo "2054"]
[BlackElo "1679"]
[PlyCount "91"]
[EventDate "2017.07.15"]
[EventType "swiss"]
[EventRounds "9"]
[EventCountry "GER"]
[SourceTitle "EXT 2018"]
[Source "ChessBase"]
[SourceDate "2017.10.13"]
[SourceVersion "1"]
[SourceVersionDate "2017.10.13"]
[SourceQuality "1"]

1. e4 d6 2. d4 Nf6 3. Nc3 g6 4. f3 c6 5. Be3 b5 6. Qd2 Qc7 7. h4 Bb7 8. g4 Nbd7 9. h5 0-0-0 10. hxg6 fxg6 11. Nh3 e5 12. 0-0-0 Bg7 13. Ng5 Nf8 14. dxe5 dxe5 15. Qxd8+ Qxd8 16. Rxd8+ Kxd8 17. Nf7+ Kc7 18. Nxh8 Bxh8 19. Bxa7 Ne6 20. Be3 g5 21. Ne2 Bg7 22. c3 c5 23. Ng3 Bc6 24. Nh5 Nxh5 25. gxh5 h6 26. Bh3 Nf4 27. Bxf4 exf4 28. Rd1 Be5 29. Kc2 Bd6 30. Rd2 Be5 31. Kd1 Bd6 32. Ke1 Be5 33. Kf2 Bd6 34. Kg2 Be5 35. Bf5 Bd6 36. Rd1 Be5 37. Kh3 Bd6 38. Kg4 Be5 39. Be6 Be8 40. Kf5 Bd6 41. Kf6 Bxh5 42. e5 Bxe5+ 43. Kxe5 Bxf3 44. Rd7+ Kb6 45. Rh7 h5 46. Rg7 1-0

[Event "Sachsen-ch Seniors op"]
[Site "Dresden"]
[Date "2016.11.01"]
[Round "2"]
[White "Knoblach, Norbert"]
[Black "Wraga, Hermann"]
[Result "1/2-1/2"]
[WhiteElo "1832"]
[BlackElo "1675"]
[PlyCount "20"]
[EventDate "2016.10.31"]
[EventType "swiss"]
[EventRounds "9"]
[EventCountry "GER"]
[SourceTitle "EXT 2019"]
[Source "ChessBase"]
[SourceDate "2018.10.10"]
[SourceVersion "1"]
[SourceVersionDate "2018.10.10"]
[SourceQuality "1"]

1. d4 f5 2. Nf3 g6 3. g3 Nf6 4. Bg2 Bg7 5. 0-0 0-0 6. c4 c6 7. Nc3 d6 8. Re1 Ne4 9. Bf4 h6 10. h4 Qe8 1/2-1/2

[Event "Sachsen-ch Seniors op"]
[Site "Dresden"]
[Date "2016.10.31"]
[Round "1"]
[White "Wraga, Hermann"]
[Black "Wurmb, Peter"]
[Result "0-1"]
[WhiteElo "1675"]
[BlackElo "1929"]
[PlyCount "90"]
[EventDate "2016.10.31"]
[EventType "swiss"]
[EventRounds "9"]
[EventCountry "GER"]
[SourceTitle "EXT 2019"]
[Source "ChessBase"]
[SourceDate "2018.10.10"]
[SourceVersion "1"]
[SourceVersionDate "2018.10.10"]
[SourceQuality "1"]

1. e4 c5 2. d3 g6 3. Nd2 Bg7 4. g3 Nc6 5. Bg2 e5 6. Ngf3 Nge7 7. 0-0 0-0 8. c3 d6 9. Qc2 h6 10. a4 Be6 11. Re1 Qd7 12. Nc4 f5 13. Ncd2 f4 14. Nf1 g5 15. N3d2 Ng6 16. f3 g4 17. fxg4 Bxg4 18. Qb3+ Kh8 19. Qc2 f3 20. Nxf3 Bxf3 21. Ne3 Bxg2 22. Qxg2 Nce7 23. Qe2 Qh3 24. Ng4 Kh7 25. Nf2 Qe6 26. Be3 Ng8 27. Kg2 Nf6 28. Rh1 Rg8 29. h3 Bf8 30. Kf1 d5 31. Bd2 Rd8 32. Be1 Rg7 33. Qc2 dxe4 34. dxe4 Qc4+ 35. Qe2 Qxe2+ 36. Kxe2 Rgd7 37. b3 h5 38. Ra2 Bh6 39. Rg1 h4 40. g4 Nf4+ 41. Kf1 Bg5 42. Rc2 Nd3 43. Nxd3 Rxd3 44. Rh2 Nxe4 45. Kg2 Ng3 0-1

[Event "Hessen-ch Seniors op 12th"]
[Site "Bad Sooden-Allendorf"]
[Date "2016.05.01"]
[Round "2"]
[White "Wraga, Hermann"]
[Black "Blosze, Winfried"]
[Result "0-1"]
[WhiteElo "1657"]
[BlackElo "1862"]
[PlyCount "83"]
[EventDate "2016.04.30"]
[EventType "swiss"]
[EventRounds "9"]
[EventCountry "GER"]
[SourceTitle "EXT 2019"]
[Source "ChessBase"]
[SourceDate "2018.10.10"]
[SourceVersion "1"]
[SourceVersionDate "2018.10.10"]
[SourceQuality "1"]

1. e4 e5 2. Bc4 Nf6 3. d3 Bc5 4. Nf3 d6 5. h3 a5 6. a4 c6 7. c3 Qe7 8. 0-0 0-0 9. Re1 Nbd7 10. Be3 b6 11. Qc2 Bb7 12. Nbd2 Ba6 13. Bxa6 Rxa6 14. d4 exd4 15. Nxd4 Bxd4 16. cxd4 Rc8 17. Ra3 h6 18. Bf4 Nd5 19. Bh2 Nb4 20. Qd1 b5 21. axb5 cxb5 22. Rc3 Rac6 23. Ree3 Nb6 24. Rxc6 Rxc6 25. Rc3 d5 26. e5 a4 27. f4 Rxc3 28. bxc3 Na6 29. Qa1 b4 30. cxb4 Qxb4 31. Nf3 a3 32. Nd2 Qxd2 33. Qxa3 Qd1+ 34. Kf2 Qxd4+ 35. Kg3 Nb4 36. Bg1 Qxg1 37. Qxb4 Qe3+ 38. Kh2 g6 39. h4 Kg7 40. h5 Nc4 41. g3 Qe2+ 42. Kg1 0-1